| 000 | 005929111a2200181 4500 | ||
|---|---|---|---|
| 005 | 20140412111236.0 | ||
| 008 | 140211s1995 xx 000 0 und d | ||
| 020 | _a0-8431-3994-3 | ||
| 050 |
_aER _bPu96Ic 1995 |
||
| 100 | 1 | _aFujimoto, Michi | |
| 245 | 1 | 0 |
_aI can't sleep / _cwritten by Michi Fujimoto. |
| 260 |
_aNew York : _bPutnam & Grosset Group, _c1995. |
||
| 300 | _a1 v. (unp.) ; ill. | ||
| 440 | 0 | _aThe Puzzle Place | |
| 500 | _aBased on the teleplay, "Rip Van Winkle," by Ellis Weiner, Jennifer Bross, and David Yazbek. | ||
| 650 | 4 |
_aChildren stories _xFiction |
|
| 999 |
_c102423 _d102423 |
||